Statistiques concernant Mathématiques par lettre - H

Cliquez ici pour prendre le quiz!

Statistiques générales

  • Ce quiz a été pris 228 fois
  • Le résultat moyen est 7 sur 15

Statistiques - réponses

HintRéponse% Correct
Polygone à 6 côtésHexagone
93%
Polygone à 7 côtésHeptagone
91%
Côté opposé à l'angle droit dans un triangle rectanglehypoténuse
83%
Vaut 10 000 m^2Hectare
82%
Dans un triangle, droite passant par un des sommets et perpendiculaire au côté opposéHauteur
64%
Manière de compter par 16Héxadécimal
57%
Courbe qui admet deux asymptotesHyperbole
45%
Transformation d'une figure en réduisant ou augmentant toutes les mesures dans une proportion donnéeHomothétie
43%
Cube généralisé en 4 dimensionsHypercube
40%
En topologie, objets semblables par déformationHoméomorphisme
15%
Tel que chaque évènement est équiprobableHasard
10%
Fonction quotient de deux fonctions affinesHomographique
10%
Polygone à 11 côtésHendécagone
9%
Raisonnement intuitif qui semble logique, mais non rigoureuxHeuristique
5%
Effectif en fonction des intervalles de classeHistogramme
4%

Distribution des résultats

Percentile par nombre de réponses

% des personnes avec chaque résultat

Votre développement - résultats

Vous n’avez pas pris ce quiz